000 01514cam a22003977a 4500
003 CHAP
005 20220329142853.0
008 041108d2004 mx r 00110 spa d
010 _a89009
011 _a89981
035 _a100537
040 _cCHAP
090 _aTesis
100 0 0 _aMeza González, Ramón.
_975328
245 1 0 _aPropuesta de desarrollo tecnológico para la unidad de producción rural grupo de producción, consumo y comercialización Lucio Ocegueda localizada en la barca, Jalisco"
_c/por Ramón Meza González
260 _aChapingo, Méx. :
_bEl autor,
_c2004.
300 _a107 h. :
_bcuadros.; mapas.; + anexo.
502 _aTesis ( Ing. Agr. Esp. en Zootecnia ) -- UACH. Departamento de Zootecnia
590 _aALEPH
_b10
_c20130110
_lUCH01
_h1500
590 _aBATCH-UPD
_b10
_c20130110
_lUCH01
_h0446
590 _aBATCH-UPD
_b10
_c20130410
_lUCH01
_h0123
590 _aBATCH-UPD
_b10
_c20130914
_lUCH01
_h0205
590 _aCONVERSION
_b10
_c20130109
_lUCH01
_h1349
650 1 4 _aAlimentos
_xTecnología.
_94284
650 1 4 _aGanado lechero
_xJalisco.
_945273
650 1 4 _aGanado lechero
_xProducción.
_945288
650 1 4 _aLeche
_xCalidad.
_965362
650 1 4 _aLeche
_xMercadeo
_zTlaxcala.
_965393
650 1 4 _aLeche
_xProducción.
_965400
650 1 4 _aLeche
_xValor nutritivo.
_965418
901 _aBK
905 _aElisama A. H.
942 _cFOLL
949 _aTesis
_bBC
_cTES
_d100537
_eTS1
_h42489
_i100537
_sb
949 _aTesis
_bBC
_cTES
_d33724000871497
_eTS2
_fc.2
_h42490
_i100537
_sb
999 _c89009
_d89009